The latin americans: their heritage and their destiny
שמור ב:
| מחבר ראשי: | |
|---|---|
| פורמט: | ספר |
| שפה: | אנגלית |
| יצא לאור: |
Filadelfia
J.B.Lippincott
1973
|
| נושאים: | |
| תגים: |
הוספת תג
אין תגיות, היה/י הראשונ/ה לתייג את הרשומה!
|
MARC
| LEADER | 00000nam a2200000 a 4500 | ||
|---|---|---|---|
| 001 | UCO7985 | ||
| 003 | CL-VaPUC | ||
| 008 | 001124e19730000US |||||||||||||||||eng|d | ||
| 082 | 0 | 4 | |a 918.008 |b HIL |2 21 |
| 100 | 0 | |a Hilton, Ronald |e author |9 452785 | |
| 245 | 1 | 4 | |a The latin americans: their heritage and their destiny |
| 300 | |a 253 p | ||
| 942 | |c BK | ||
| 945 | |d 20001124 00:00:00 |a crobeson | ||
| 260 | |a Filadelfia |b J.B.Lippincott |c 1973 | ||
| 500 | |a Donación del profesor Manfred Wilhelmy von Wolff | ||
| 650 | 0 | |a Población |9 257577 | |
| 650 | 0 | |a Geografía |9 259346 | |
| 650 | 7 | |a HISTORIA LATINOAMERICANA |2 CL-VaPUC |9 347191 | |
| 650 | 0 | |a Política y gobierno |9 255151 | |
| 650 | 0 | |a Relaciones Internacionales |9 255740 | |
| 650 | 0 | |a Literatura latinoamericana |9 309997 | |
| 651 | 0 | |a América Latina |9 255027 | |
| 583 | |a last modification |c 20001124 00:00:00 |k Rodrigo Vera | ||
| 999 | |c 292797 |d 292795 | ||
| 952 | |0 0 |1 0 |4 0 |6 918_008000000000000_HIL_1973 |7 0 |8 A |9 343870 |a BIBHIS |b BIBHIS |d 2019-11-20 |i 1235036 |o 918.008 HIL 1973 |p 1235036 |r 2025-01-20 |w 2019-11-20 |y BK |k HIS | ||